| 000 | 00856nam a2200253 i 4500 | ||
|---|---|---|---|
| 001 | bg | ||
| 100 | 1 | _aPONCZEK, Eugeniusz | |
| 245 | 1 | 0 |
_aPolska myśl o pokoju w latach drugiej wojny światowej (1939-1945) / _cEugeniusz Ponczek. |
| 260 |
_aŁódź : _bWydaw. Uniwersytetu Łódzkiego, _c1999. |
||
| 300 |
_a424, [2] s. ; _c24 cm. |
||
| 500 | _aStreszcz. ang. | ||
| 504 | _aBibliogr. s. 373-404. | ||
| 650 | 9 |
_aPokój _xfilozofia _xhistoria _zPolska _y1939-1945 r. |
|
| 650 | 9 |
_aPartie polityczne _xideologia _zPolska _y1939-1945 r. |
|
| 651 | 9 |
_aPolska _xemigracja _xideologia _y1939-1945 r. |
|
| 651 | 9 |
_aPolska _xhistoriografia _y1939-1945 r. |
|
| 020 | _a8371712650 | ||
| 040 | _cBPK | ||
| 041 | 0 |
_apl _hen |
|
| 080 | _a172.4:930.1(091):329](438)"1939/1945" | ||
| 920 | _a83-7171-265-0 | ||
| 942 | _cKS | ||
| 008 | s pl f |000 0 pol | ||
| 999 |
_c36221 _d36221 |
||
| 856 |
_uhttp://koha.tu.koszalin.pl/cgi-bin/koha/opac-detail.pl?biblionumber=36221 _yKatalog online BPK |
||